000 00561cam a2200157 4500500
005 20251214041551.0
041 _afre
042 _adc
100 1 0 _aStephan, A
_eauthor
700 1 0 _aNicolas, J
_eauthor
245 0 0 _aMétaphores énactives de la douleur : du mouvement psychique au mouvement physique... et inversement
260 _c2025.
500 _a71
786 0 _nDouleur et analgésie | 38 | 3 | 2025-06-13 | p. 207-214 | 1011-288X
856 4 1 _uhttps://stm.cairn.info/revue-douleur-et-analgesie-2025-2-page-207?lang=fr&redirect-ssocas=7080
999 _c1576540
_d1576540